| 000 | 01284nam a22001577a 4500 | ||
|---|---|---|---|
| 008 | 140917b xxu||||| |||| 00| 0 eng d | ||
| 020 | _a9789988169282 | ||
| 050 | _aDp/KRX3800.Of6 | ||
| 100 | _aOfori- Amankwah E. H. | ||
| 245 |
_aOutline of criminal law lectures. / _c E. H. Ofori- Amankwah. |
||
| 260 |
_aGhana: _bTwenty Third Solution, _c2012. |
||
| 300 |
_aXvii,193p.: _c20cm |
||
| 500 | _aIncludes index. | ||
| 505 | _aContents: Scope, Aims and function of criminal Law -- Scope and content of criminal law -- Morality and criminal law -- The Principle of legality -- Punishment -- Principle of criminal liability -- Causation -- Capacity and general defences -- The defence of insanity -- The defence of consent -- The defence of provocation -- Justifiable harm -- Self defence -- Necessity of defence of property -- Inchoate(preliminary) offences: Criminal attempt -- Criminal conspiracy -- Parties to a crime -- Offences against the person -- Homicide -- Suicide -- Abortion -- Non- fatal cases: kidnapping -- Abduction -- Sexual offences -- Criminal Libel -- property offences: stealing -- Fraudulent breach of trust -- Receiving stolen property -- Robbery -- Forgery -- Falsification of accounts -- Offences against the state -- Bribery and corruption. | ||
| 942 |
_2lcc _cBK |
||
| 999 |
_c4941 _d12441 |
||